01375nam a2200325 a 4500001001000000003000900010005001700019007001000036008004100046040002200087092001400109111012100123245011800244260003700362300005400399500007300453650006300526650005400589650004400643710005500687910003700742930002400779942001200803945003600815952010800851956001800959956001800977956003900995999001501034000008223DO-SdBNP20170922133133.0000008223090915s1985 dr a 000 0 spa d aBPMETbspacBPMET a539bJ82m0 aJornada Científica "Física y Tecnología"n(3ª :dabril, 12-13, 1985 :cSanto Domingo, República Dominicana)10aMemoria de la tercera jornada científica "Física y tecnología", en homenaje póstumo al Dr. Gustavo Rathe. aSanto Domingo :bCENAPEC,c1985. a294 p. :bil., gráfcs., mapas, tablas ;c21 cm. aJornada científica en homenaje póstumo al Doctor Gustavo Reathe. 5aINNOVACIONES TECNOLÓGICASxCONGRESOS, CONFERENCIAS, ETC. 5aCIENCIAS FÍSICASxCONGRESOS, CONFERENCIAS, ETC. 4aFÍSICAxCONGRESOS, CONFERENCIAS, ETC.1 aAcademia de Ciencias de la República Dominicana. aValidado. Control de calidad EMS 1l m h 8 f p g  2ddccBK aTítulo remanejado para BNPHU  00102ddc40708DOMaBPMETbBPMETd2015-04-28l0o539 J39mpBPMSU15041441r2015-04-28w2015-04-28yBK a b c l h  a b c l h  aVMATEOb10c20150428lBPMSUh00151 c7742d7742